000
00347pam a2200157a 44500
008
230515b2009 xxu||||| |||| 00| 0 eng d
020
_a
NULL
041
_a
ENGL
082
_a
621.8 MYS
100
_a
MYSZKA D.H.
245
_a
MACHINES AND MECHANISMS
250
_a
3
260
_a
NULL
_b
PRENTICE HALL
_c
2009
300
_a
556
650
_a
NULL
999
_c
643115
_d
643115